Loading...
| Science - Physics | 0 | 9 | 0 | 0 | 90 | 16 | 33.89 | 7 | 9 | 0.00 | 0.00 |
| Science - Chemistry | 0 | 6 | 1 | 0 | 55 | 26 | 55.33 | 2 | 3 | 0.00 | 0.00 |
| Literature - American | 0 | 4 | 1 | 2 | 35 | 45 | 70.75 | 1 | 3 | 0.00 | 0.00 |
| Religion | 0 | 2 | 0 | 0 | 20 | 58 | 60.50 | 0 | 2 | 0.00 | 0.00 |
| Science - Other | 0 | 3 | 2 | 0 | 20 | 23 | 45.00 | 1 | 3 | 0.00 | 0.00 |
| Literature - British | 0 | 2 | 0 | 0 | 20 | 70 | 82.50 | 0 | 1 | 0.00 | 0.00 |
| Fine Arts - Classical Music | 0 | 2 | 1 | 1 | 15 | 106 | 107.00 | 0 | 0 | 0.00 | 0.00 |
| Literature - European | 0 | 1 | 0 | 0 | 10 | 76 | 76.00 | 0 | 1 | 0.00 | 0.00 |
| Fine Arts - Other | 0 | 1 | 0 | 1 | 10 | 111 | 111.00 | 0 | 0 | 0.00 | 0.00 |
| Current Events | 0 | 1 | 0 | 1 | 10 | 109 | 109.00 | 0 | 0 | 0.00 | 0.00 |
| Painting/Sculpture | 0 | 1 | 1 | 0 | 5 | 88 | 88.00 | 0 | 0 | 0.00 | 0.00 |
| Literature - World | 0 | 1 | 1 | 0 | 5 | 35 | 35.00 | 0 | 1 | 0.00 | 0.00 |
| History - World | 0 | 0 | 1 | 0 | -5 | 0.00 | 0 | 0 | 0.00 | 0.00 |